Central Library OPAC University of Rajshahi

Within the four seas : (Record no. 25623)

MARC details
000 -LEADER
fixed length control field 00840cam a2200289 4500
001 - CONTROL NUMBER
control field 25623
003 - CONTROL NUMBER IDENTIFIER
rucl marc code BD-RjUL
005 - DATE AND TIME OF LATEST TRANSACTION
control field 20211209050914.0
008 - FIXED-LENGTH DATA ELEMENTS--GENERAL INFORMATION
fixed length control field 140318s1969 enk b 001 0 eng
020 ## - INTERNATIONAL STANDARD BOOK NUMBER
International Standard Book Number 0049310062
035 ## - SYSTEM CONTROL NUMBER
System control number (BD-RjUL)25693
040 ## - CATALOGING SOURCE
Original cataloging agency DLC
Transcribing agency DLC
Modifying agency DLC
-- BD-RjUL
Language of cataloging eng
041 ## - LANGUAGE CODE
Language code of text/sound track or separate title eng
082 00 - DEWEY DECIMAL CLASSIFICATION NUMBER
Classification number 301.294051
Author mark and year NEW 1969
100 1# - MAIN ENTRY--PERSONAL NAME
Personal name Needham, Joseph,
Dates associated with a name 1900-1995.
9 (RLIN) 36964
245 10 - TITLE STATEMENT
Title Within the four seas :
Remainder of title the dialogue of East and West /
Statement of responsibility, etc. Joseph,Needham
260 ## - PUBLICATION, DISTRIBUTION, ETC. (IMPRINT)
Place of publication, distribution, etc. London :
Name of publisher, distributor, etc. Allen & Unwin,
Date of publication, distribution, etc. 1969.
300 ## - PHYSICAL DESCRIPTION
Pagination 228 p. ;
Size 23 cm.
350 ## - PRICE (NR) (BK AM CF MU VM SE) [OBSOLETE]
Price 40/-
504 ## - BIBLIOGRAPHY, ETC. NOTE
Bibliography, etc Bibliographical footnotes.
651 #0 - SUBJECT ADDED ENTRY--GEOGRAPHIC NAME
Geographic name China
General subdivision Relations
Geographic subdivision Europe.
9 (RLIN) 78734
Geographic name Europe
General subdivision Relations
Geographic subdivision China.
9 (RLIN) 78735
Geographic name China
General subdivision Civilization.
9 (RLIN) 71282
942 ## - ADDED ENTRY ELEMENTS (KOHA)
Source of classification or shelving scheme Dewey Decimal Classification
Koha item type Books
Holdings
Lost status Source of classification or shelving scheme Damaged status Not for loan Collection code Permanent Location Current Location Shelving location Date acquired Source of acquisition Cost, normal purchase price Total Checkouts Full call number Date last seen Copy number Koha item type
  Dewey Decimal Classification   Added to bundle Non-fiction Central Library, University of Rajshahi Central Library, University of Rajshahi Reading Room 26/09/1970 sweets & zeithinger 40.00   301.294051 NEW 1969 18/03/2014 C-1 Books